Statistics for Coldplay songs

Click here to take the quiz!

General Stats

  • This quiz has been taken 1,955 times
  • The average score is 25 of 58

Answer Stats

Answer % Correct
Viva la Vida
95%
Yellow
89%
Paradise
81%
Fix You
79%
Clocks
77%
The Scientist
77%
X & Y
67%
Mylo Xyloto
67%
Parachutes
66%
A Rush of Blood to the Head
63%
Charlie Brown
62%
Princess of China
58%
Speed of Sound
58%
Violet Hill
54%
Every Teardrop Is a Waterfall
54%
Trouble
50%
Talk
49%
Death and All His Friends
47%
In My Place
47%
Amsterdam
45%
Shiver
45%
Lovers in Japan/Reign of Love
44%
Strawberry Swing
42%
Hurts Like Heaven
42%
Politik
42%
Lost!
42%
Green Eyes
41%
Don't Panic
41%
Life in Technicolor
40%
Spies
40%
God Put a Smile upon Your Face
36%
Sparks
36%
Cemeteries of London
35%
42
33%
The Hardest Part
31%
Square One
30%
Everything's Not Lost
30%
Up in Flames
29%
White Shadows
29%
Up with the Birds
29%
Warning Sign
28%
Major Minus
28%
Us Against the World
28%
What If
27%
Swallowed in the Sea
27%
Yes
27%
A Message
25%
U.F.O.
24%
We Never Change
23%
High Speed
23%
A Whisper
23%
'Til Kingdom Come
23%
Daylight
22%
Don't Let It Break Your Heart
21%
M.M.I.X.
20%
Low
20%
Twisted Logic
19%
A Hopeful Transmission
19%

Score Distribution

Percentile by Number Answered

Percent of People with Each Score

Your Score History

You have not taken this quiz